[Event "ISR-chT 13"]
[Site "Israel"]
[Date "2012.12.28"]
[Round "3.2"]
[White "Alexikov, Alexander"]
[Black "Sidorenko, Ilya"]
[Result "1/2-1/2"]
[WhiteElo "2370"]
[BlackElo "2415"]
[PlyCount "56"]
[EventDate "2012.12.21"]
[EventType "team"]
[EventRounds "11"]
[EventCountry "ISR"]
[SourceTitle "EXT 2014"]
[Source "ChessBase"]
[SourceDate "2013.11.20"]
[SourceVersion "1"]
[SourceVersionDate "2013.11.20"]
[SourceQuality "1"]

1. e4 c5 2. Nf3 d6 3. d4 cxd4 4. Nxd4 Nf6 5. Nc3 Nc6 6. Bg5 e6 7. Qd2 a6 8. 0-0-0 Bd7 9. f4 Be7 10. Nf3 b5 11. Bxf6 gxf6 12. Kb1 Qb6 13. g3 0-0-0 14. Bh3 Kb8 15. Rhe1 Bc8 16. Bg2 Rd7 17. f5 Rc7 18. fxe6 fxe6 19. Bh3 Rd8 20. Qg2 Qc5 21. Ne2 d5 22. exd5 Nb4 23. Nc3 Nxd5 24. Nxd5 Rxd5 25. Qe2 Bb7 26. c3 e5 27. Bf5 b4 28. Rc1 h6 1/2-1/2

[Event "ISR-chT 1112"]
[Site "Israel"]
[Date "2012.03.02"]
[Round "11.4"]
[White "Oratovsky, Michael"]
[Black "Sidorenko, Ilya"]
[Result "1/2-1/2"]
[WhiteElo "2522"]
[BlackElo "2429"]
[PlyCount "52"]
[EventDate "2011.12.16"]
[EventType "team-tourn"]
[EventRounds "11"]
[EventCountry "ISR"]
[SourceTitle "EXT 2013"]
[Source "ChessBase"]
[SourceDate "2012.11.22"]
[SourceVersion "1"]
[SourceVersionDate "2012.11.22"]
[SourceQuality "1"]

1. e4 c5 2. Nf3 Nc6 3. Bb5 g6 4. Bxc6 dxc6 5. h3 Bg7 6. d3 Nf6 7. Nc3 Nd7 8. Be3 e5 9. Qd2 h6 10. h4 Qe7 11. h5 g5 12. Ne2 Nf8 13. Ng3 Be6 14. c3 0-0-0 15. Qc2 Nd7 16. 0-0-0 Nb6 17. Nd2 Kb8 18. Kb1 Rhe8 19. Rhe1 Bf8 20. f3 f6 21. Bf2 Rd7 22. Nb3 Qf7 23. c4 Na4 24. Na5 Nb6 25. Nb3 Na4 26. Na5 Nb6 1/2-1/2

[Event "ISR-chT 1112"]
[Site "Israel"]
[Date "2011.12.30"]
[Round "3.5"]
[White "Sidorenko, Ilya"]
[Black "Steinberg, Nitzan"]
[Result "1-0"]
[WhiteElo "2429"]
[BlackElo "2290"]
[PlyCount "75"]
[EventDate "2011.12.16"]
[EventType "team-tourn"]
[EventRounds "11"]
[EventCountry "ISR"]
[SourceTitle "EXT 2013"]
[Source "ChessBase"]
[SourceDate "2012.11.22"]
[SourceVersion "1"]
[SourceVersionDate "2012.11.22"]
[SourceQuality "1"]

1. e4 c5 2. Nf3 d6 3. d4 cxd4 4. Nxd4 Nf6 5. Nc3 a6 6. Bg5 e6 7. f4 h6 8. Bh4 Be7 9. Qf3 Nbd7 10. 0-0-0 Qc7 11. Bd3 g5 12. fxg5 Ne5 13. Qe2 Nfg4 14. Nf3 Nxf3 15. Qxf3 hxg5 16. Bg3 Ne5 17. Bxe5 dxe5 18. Rdf1 Bd8 19. Ne2 Qe7 20. Kb1 Bd7 21. Ng3 Bc6 22. Be2 Bb6 23. Qb3 Bd4 24. Bh5 Rf8 25. Rxf7 Rxf7 26. Rf1 Bf2 27. Qd3 Rd8 28. Qe2 Kd7 29. Bxf7 Bxg3 30. hxg3 Rf8 31. Rd1+ Kc7 32. Bh5 Qh7 33. Bf3 g4 34. Qd2 Rg8 35. Bxg4 Qxe4 36. Bf3 Qg6 37. Qa5+ Kb8 38. Bxc6 1-0

[Event "ISR-chT 1011"]
[Site "Israel"]
[Date "2011.05.27"]
[Round "7.3"]
[White "Bruk, Ofer"]
[Black "Sidorenko, Ilya"]
[Result "1/2-1/2"]
[WhiteElo "2451"]
[BlackElo "2430"]
[PlyCount "31"]
[EventDate "2010.12.24"]
[EventType "team-tourn"]
[EventRounds "11"]
[EventCountry "ISR"]
[SourceTitle "EXT 2012"]
[Source "ChessBase"]
[SourceDate "2011.11.24"]
[SourceVersion "1"]
[SourceVersionDate "2011.11.24"]
[SourceQuality "1"]
[WhiteTeam "Tel Aviv Shlomo Har Zvi"]
[BlackTeam "Beer Sheva II"]
[WhiteTeamCountry "ISR"]
[BlackTeamCountry "ISR"]

1. Nf3 Nf6 2. c4 g6 3. Nc3 Bg7 4. e4 d6 5. d4 0-0 6. Be2 e5 7. dxe5 dxe5 8. Qxd8 Rxd8 9. Bg5 Re8 10. Nd5 Nxd5 11. cxd5 c6 12. Bc4 cxd5 13. Bxd5 Na6 14. 0-0-0 Nc7 15. Bb3 a5 16. a3 1/2-1/2

[Event "Collado Villalba op-A 27th"]
[Site "Collado Villalba"]
[Date "2010.08.23"]
[Round "4"]
[White "Kempinski, Robert"]
[Black "Sidorenko, Ilya"]
[Result "1/2-1/2"]
[WhiteElo "2612"]
[BlackElo "2409"]
[PlyCount "33"]
[EventDate "2010.08.20"]
[EventType "swiss"]
[EventRounds "10"]
[EventCountry "ESP"]
[SourceTitle "CBM 138 Extra"]
[Source "ChessBase"]
[SourceDate "2010.10.29"]
[SourceVersion "1"]
[SourceVersionDate "2010.10.29"]
[SourceQuality "1"]

1. d4 Nf6 2. c4 g6 3. Nf3 Bg7 4. g3 c6 5. Bg2 d5 6. b3 dxc4 7. bxc4 c5 8. Bb2 Ne4 9. 0-0 Nc6 10. e3 0-0 11. Na3 Bg4 12. Nc2 Ng5 13. h4 Nxf3+ 14. Bxf3 Bxf3 15. Qxf3 cxd4 16. exd4 Bxd4 17. Rfd1 1/2-1/2

[Event "ISR-chT"]
[Site "Israel"]
[Date "2010.02.05"]
[Round "3.4"]
[White "Shusterman, Mark"]
[Black "Sidorenko, Ilya"]
[Result "0-1"]
[WhiteElo "2153"]
[BlackElo "2407"]
[PlyCount "50"]
[EventDate "2010.01.29"]
[EventType "team"]
[EventRounds "11"]
[EventCountry "ISR"]
[SourceTitle "EXT 2011"]
[Source "ChessBase"]
[SourceDate "2010.11.26"]
[SourceVersion "1"]
[SourceVersionDate "2010.11.26"]
[SourceQuality "1"]
[WhiteTeam "Beer Sheva VI"]
[BlackTeam "Beer Sheva II"]
[WhiteTeamCountry "ISR"]
[BlackTeamCountry "ISR"]

1. e4 c5 2. Nf3 Nc6 3. d4 cxd4 4. Nxd4 Nf6 5. Nc3 d6 6. Be3 e5 7. Nf3 Be7 8. Bc4 0-0 9. 0-0 Be6 10. Bb3 Rc8 11. Bg5 Nb4 12. Qd2 Bg4 13. Rad1 Bxf3 14. gxf3 Nh5 15. Bxe7 Qxe7 16. Nb5 Nc6 17. Nxd6 Nd4 18. Nxc8 Qh4 19. Qe3 Nf4 20. Kh1 Qh3 21. Rg1 Nxf3 22. Ne7+ Kh8 23. Qxf4 exf4 24. Rg2 Nh4 25. Rgg1 Qf3+ 0-1

[Event "Netanya Maccabiah"]
[Site "Netanya"]
[Date "2009.07.??"]
[Round "3"]
[White "Bykhovsky, Anatoly"]
[Black "Sidorenko, Ilya"]
[Result "1-0"]
[WhiteElo "2487"]
[BlackElo "2390"]
[PlyCount "63"]
[EventDate "2009.07.??"]
[EventType "swiss"]
[EventRounds "6"]
[EventCountry "ISR"]
[SourceTitle "EXT 2024"]
[Source "ChessBase"]
[SourceDate "2023.10.10"]
[SourceVersion "1"]
[SourceVersionDate "2023.10.10"]
[SourceQuality "1"]

1. Nf3 Nf6 2. c4 g6 3. Nc3 Bg7 4. e4 d6 5. d4 0-0 6. Be2 e5 7. 0-0 Nc6 8. d5 Ne7 9. b4 a5 10. bxa5 Rxa5 11. a4 Nd7 12. Nd2 f5 13. Nb3 Ra8 14. a5 fxe4 15. Nxe4 Nf6 16. Bd3 Nxe4 17. Bxe4 Nf5 18. Re1 Bd7 19. Bd2 c5 20. dxc6 bxc6 21. Bb4 Rf6 22. Bc3 Qc7 23. c5 d5 24. Bxd5+ cxd5 25. Qxd5+ Be6 26. Qxa8+ Rf8 27. Qe4 Bxb3 28. Bxe5 Qxc5 29. Bxg7 Nxg7 30. Qe3 Qc2 31. Rec1 Nf5 32. Qh3 1-0